| 000 | 01128nam a2200289 a 4500 | ||
|---|---|---|---|
| 005 | 20090606144358.0 | ||
| 008 | 071119s2008 nyua 000 0 eng | ||
| 010 | _aENG-93933 | ||
| 020 |
_a978007140639 _c250.00 |
||
| 020 |
_a007140634 _c250.00 |
||
| 035 | _aEN-77466 | ||
| 037 | _bDBAD / PUB | ||
| 040 |
_adpl _bEnglish |
||
| 082 | _a152.4 | ||
| 100 | _aSegal, Jeanne | ||
| 245 |
_aThe language of emotional intelligence : _bthe five essential tools for building powerful and effective relationships / _cby Jeanne Segal with Jaelline Jaffe |
||
| 260 |
_aNew Delhi _bTata McGraw-Hill Publishing _c2008 |
||
| 270 |
_a7 West Patel Nagar, _bNew Delhi _e110008 |
||
| 300 |
_aviii, 225 p. : _bill. ; _c21cm(pbk) |
||
| 500 | _aIncludes index | ||
| 650 | _aEmotional intelligence. | ||
| 650 | _aInterpersonal communication. | ||
| 650 | _aAttachment behavior. | ||
| 700 | _aJaffe, Jaelline | ||
| 942 |
_2ddc _cEN _h152.4 _mSEG |
||
| 999 |
_c27301 _d27301 |
||